000 00731nam a2200265Ia 4500
005 20260121165835.0
008 008 260114s9999 xx 000 0 eng d
020 _a9789811031687
037 _aEBOOK
040 _aCRL
040 _beng
040 _cCRL
041 _2eng
041 _aeng
084 _qCRL
100 _aHuajun Chen, Heng Ji, Le Sun, Haixun Wang, Tieyun Qian, Tong Ruan
_91056675
245 0 _aKnowledge Graph and Semantic Computing: Semantic, Knowledge, and Linked Big Data
260 _bSpringer
260 _bSpringer
260 _c2016
856 _uhttps://link.springer.com/openurl?genre=book&isbn=978-981-10-3168-7
942 _cEBOOK
999 _c1622403
_d1622403